000 00817nam a2200229 a 4500
001 63294
003 BD-RjUL
005 20211209081158.0
008 140827s1998 bg |||| |||| 00| 0 ben d
035 _a(BD-RjUL)63423
040 _aBD-RjUL
_bben
_cBD-RjUL
041 _aben
082 _a336.24
_bULA 1998
_223
100 _aউল্লাহ্, মো : ওয়ালী
_9112080
245 1 0 _aআয়কর = Income-tax :
_b(মূল্য সংযোজন করসহ) /
_cমো : ওয়ালী উল্লাহ্
250 _a২য় সং.
260 _aঢাকা :
_bদি সিটি পাবলিকেশনস,
_c১৯৯৮
300 _a৫৬৬ পৃ.
_c২০ সেমি.
650 _aআয়কর
_9112081
650 _aIncome taxes
_9112082
942 _2ddc
_cBK
999 _c63294
_d63294